000 00397nam a2200157 i 4500
001 35605
003 ES-MaACL
005 20230906155149.0
007 t|
008 030213s1904 xxk ||||1| eng d
100 1 _aBréal, Auguste.
_931535
245 1 0 _aVelázquez /
_cAuguste Bréal.
260 _aLondon :
_bDuckworth,
_c[1904]
300 _aXXIV, 236 p. ;
_c15 cm.
852 _aES-MaACL
_jF-460
999 _c35605
_d35605